Estudio de prefactibilidad e impacto ambiental del proyecto construcción de viviendas ecológicas en la urbanización Villa El Limón, Estelí

Presenta el estudio de prefactibilidad e impacto ambiental del proyecto construcción de viviendas ecológicas en la urbanización Villa El Limón, Estelí, en el cual se realizó un estudio de mercado dirigido a la publicidad y promoción de ventas de viviendas, un estudio técnico para la construc...

Full description

Bibliographic Details
Main Authors: Morales Ortega, Jafeth Asdrúbal, Gámez Ramírez, Edgar Lenin
Other Authors: Tutor: Sierra Mercado, Jimmy
Format: Tesis Section = Libro
Language:Undetermined
Spanish
Published: Managua UNI/RUACS 2015
Subjects:
LEADER 01397nam a2200289Ia 4500
008 240830s9999 xx 000 0 und d
040 |a BIBLIOTECA-RUPAP Mon 658.404 M828 
041 |a spa 
082 |a Mon 658.404 M828 
100 1 |a Morales Ortega, Jafeth Asdrúbal 
100 1 |b  Gámez Ramírez, Edgar Lenin 
245 1 0 |a Estudio de prefactibilidad e impacto ambiental del proyecto construcción de viviendas ecológicas en la urbanización Villa El Limón, Estelí 
260 |a Managua  |b UNI/RUACS  |c 2015 
300 |a 101 p. :il. 
500 |a Contiene: anexos. 
502 |a Tesis (Ingeniero Civil)- UNI, 2015. 
520 3 |a Presenta el estudio de prefactibilidad e impacto ambiental del proyecto construcción de viviendas ecológicas en la urbanización Villa El Limón, Estelí, en el cual se realizó un estudio de mercado dirigido a la publicidad y promoción de ventas de viviendas, un estudio técnico para la construcción de las viviendas ecológicas y la evaluación de las distintas fuentes de financiamiento. 
650 7 |a VIVIENDAS ECOLOGICAS – DISEÑO Y CONSTRUCCION 
650 7 |b VIVIENDAS – PROYECTOS 
650 7 |c PROYECTOS DE INVERSION 
650 7 |d ANALISIS DE COSTOS DEL PROYECTO 
650 7 |e ADMINISTRACION DE PROYECTO 
650 7 |f PROYECTO 
700 1 |a Tutor:  |b Sierra Mercado, Jimmy 
942 |c BK  |2 ddc 
991 |a TESIS 
999 |c 17382